Preservation or destruction? (Record no. 69221)

MARC details
000 -LEADER
fixed length control field 01234cam a2200277 4500
001 - CONTROL NUMBER
control field ABS64902
008 - FIXED-LENGTH DATA ELEMENTS--GENERAL INFORMATION
fixed length control field 020109n2001 000 0 eng u
035 ## - SYSTEM CONTROL NUMBER
System control number (Sirsi) u116194
100 ## - MAIN ENTRY--PERSONAL NAME
Personal name Crow, P.
245 ## - TITLE STATEMENT
Title Preservation or destruction?
260 ## - PUBLICATION, DISTRIBUTION, ETC.
Date of publication, distribution, etc. 2001
490 ## - SERIES STATEMENT
Series statement Forestry & British Timber
Volume/sequential designation 31(1) January 2002, 14-16(3)
520 ## - SUMMARY, ETC.
Summary, etc. Gives overview of work undertaken by Forest Research's Environmental Research Branch. Concentrates on their study of the preservation of the many types of archaeological sites in woodland environments. Notes that in England there is a very high density of monuments at about two per square kilometre. Discusses different ways in which the archaeological sites can be preserved and stresses importance of accurate surveying and mapping of relevant areas to avoid damage. With further information and contacts.
590 ## - LOCAL NOTE (RLIN)
Local note ABS
650 ## - SUBJECT ADDED ENTRY--TOPICAL TERM
Topical term or geographic name entry element FORESTRY
650 ## - SUBJECT ADDED ENTRY--TOPICAL TERM
Topical term or geographic name entry element FORESTRY INDUSTRY
650 ## - SUBJECT ADDED ENTRY--TOPICAL TERM
Topical term or geographic name entry element NATURE CONSERVATION
650 ## - SUBJECT ADDED ENTRY--TOPICAL TERM
Topical term or geographic name entry element FOREST RESEARCH
650 ## - SUBJECT ADDED ENTRY--TOPICAL TERM
Topical term or geographic name entry element MAPPING
650 ## - SUBJECT ADDED ENTRY--TOPICAL TERM
Topical term or geographic name entry element ARCHAEOLOGY
650 ## - SUBJECT ADDED ENTRY--TOPICAL TERM
Topical term or geographic name entry element Land use
9 (RLIN) 6251
650 ## - SUBJECT ADDED ENTRY--TOPICAL TERM
Topical term or geographic name entry element TREE MAINTENANCE
690 ## - LOCAL SUBJECT ADDED ENTRY--TOPICAL TERM (OCLC, RLIN)
Topical term or geographic name as entry element ENVIRONMENTAL AND LAND CONSULTANCY-ENVIRONMENTAL MANAGEMENT
700 ## - ADDED ENTRY--PERSONAL NAME
Personal name Yarnell, T.
942 ## - ADDED ENTRY ELEMENTS (KOHA)
Suppress in OPAC 0
Holdings
Withdrawn status Lost status Source of classification or shelving scheme Damaged status Not for loan Home library Current library Shelving location Date acquired Total Checkouts Full call number Barcode Date last seen Copy number Price effective from Koha item type
    Dewey Decimal Classification     London London Journal article 09/01/2002   ABS64902 116194-1001 06/08/2019 1 06/08/2019 Journal article